| 000 | 01471nam0a2200313 4500 | ||
|---|---|---|---|
| 001 | RU\NLR\BIBL_A\011955420 | ||
| 005 | 20190415124206.0 | ||
| 010 |
_a978-5-8397-1166-2 _924 |
||
| 021 |
_aRU _bКН-П-19-007331 _9КН-П-19-0547 |
||
| 035 | _a(NLR Aleph) 011955420 | ||
| 035 | _a(RuMoRGB)009851087 | ||
| 090 |
_a11172982 _c11172982 |
||
| 100 | _a20190307d2018 u y0rusy50 ca | ||
| 101 | 0 | _arus | |
| 102 | _aRU | ||
| 105 | _aa|||z|||000zy | ||
| 200 | 1 |
_aАвтоколебания в генных сетях _eучебное пособие _fС. Д. Глызин, А. Ю. Колесов _gМинистерство науки и высшего образования Российской Федерации, Ярославский государственный университет им. П. Г. Демидова |
|
| 210 |
_aЯрославль _cЯрГУ _d2018 |
||
| 215 |
_a175 с. _cил. _d20 |
||
| 320 | _aБиблиогр.: с. 173-175 (27 назв.) | ||
| 606 | 1 |
_aГенные сети _xАвтоколебания _jУчебные издания для последипломного образования _2nlr_sh2 _3RU\NLR\AUTH\6601653702 |
|
| 686 | 1 | _aЕ041.12я77 | |
| 700 | 1 |
_aГлызин _bС. Д. _gСергей Дмитриевич |
|
| 701 | 1 |
_aКолесов _bА. Ю. _gАндрей Юрьевич |
|
| 942 | _cBOOK | ||
| 980 | _aNBR | ||
| 980 | _aNB | ||